000 00465nam a2200205Ia 4500
008 210210b1914 xxu||||| |||| 00| 0 eng d
041 _aeng
082 _a320/352
100 _aLOWELL (A L)
245 _aGovernments of France, Italy and Germany
260 _a
_bNot Mentioned
_c1914
650 _aof
650 _aItaly
650 _aGovernments
650 _aGermany
650 _aFrance,
650 _aand
690 _aGovernments
906 _a002099
999 _c118328
_d118328